[Event "SCG First League m"]
[Site "Vrnjacka Banja SCG"]
[Date "2005.10.22"]
[Round "6"]
[White "Todorovic,J"]
[Black "Tosic,M"]
[Result "1/2-1/2"]
[WhiteElo "2381"]
[BlackElo "2429"]

1.e4 c5 2.Nf3 e6 3.d4 cxd4 4.Nxd4 a6 5.Bd3 d6 6.O-O Nd7 7.c4 Ngf6 8.Nc3 Be7
9.Kh1 O-O 10.f4 Nc5 11.Bc2 Qc7 12.Qe2 Ncd7 13.Bd2 Rd8 14.Nf3 g6 15.f5 Ne5
16.b3 Nh5 17.fxe6 fxe6 18.Rad1 Bd7 19.Nxe5 dxe5 20.Bh6 Ng7 21.Nb1 Rf8 22.Nd2 Rxf1+
23.Rxf1 Rf8 24.Nf3 Qa5 25.Bd2 Qc7 26.Bc3 Bf6 27.Qf2 Nh5 28.g3 Bg7 29.Qe3 Bc6
30.Kg2 b5 31.Qc5 Qb7 32.Ng5 Rxf1 33.Kxf1 h6 34.Nf3 Bxe4 35.Bxe4 Qxe4 36.Nxe5 bxc4
37.bxc4 Qb1+ 38.Kg2 Qc2+ 39.Qf2 Qe4+ 40.Qf3 Qc2+ 41.Qf2 Qe4+ 42.Qf3 Qc2+  1/2-1/2

[Event "II Open"]
[Site "Calvia ESP"]
[Date "2005.10.23"]
[Round "4"]
[White "Norberg,J"]
[Black "Munar Rossello,P"]
[Result "1-0"]
[WhiteElo "2212"]
[BlackElo "2083"]

1.e4 c5 2.Nf3 e6 3.d4 cxd4 4.Nxd4 a6 5.Bd3 Nf6 6.O-O Qc7 7.Nc3 Nc6 8.Nxc6 dxc6
9.f4 Bc5+ 10.Kh1 e5 11.f5 h5 12.Qe2 Ng4 13.g3 Qe7 14.h3 Qf8 15.Kg2 Nf6 16.a4 a5
17.Be3 Bd7 18.Qf2 Bxe3 19.Qxe3 Qb4 20.Ra3 Qd4 21.Qxd4 exd4 22.e5 dxc3 23.exf6 cxb2
24.fxg7 Rg8 25.f6 Be6 26.Rb1 O-O-O 27.Rxb2 Rge8 28.c4 Kc7 29.Re2 Rd6 30.c5 Rdd8
31.Kf2 h4 32.gxh4 Rd4 33.Bh7 Rf4+ 34.Rf3 Rxh4 35.Rxe6  1-0

[Event "Femida w"]
[Site "Kharkiv UKR"]
[Date "2005.10.25"]
[Round "10"]
[White "Kochetkova,J"]
[Black "Dvoretska,O"]
[Result "1-0"]
[WhiteElo "2346"]
[BlackElo "2122"]

1.e4 c5 2.Nf3 e6 3.d4 cxd4 4.Nxd4 a6 5.Bd3 Nf6 6.O-O Qc7 7.Qe2 d6 8.c4 g6
9.Nc3 Bg7 10.Nf3 Nc6 11.h3 O-O 12.Bg5 h6 13.Be3 Re8 14.Rac1 Bd7 15.Rfd1 Rad8
16.Bb1 Kh7 17.Bf4 e5 18.Be3 Qb8 19.a3 Rc8 20.b4 Be6 21.Na4 Nd7 22.Nb6 Nxb6
23.Bxb6 Ne7 24.a4 Rc6 25.Be3 f5 26.b5 Rcc8 27.Bb6 fxe4 28.Bxe4 Bf5 29.Nh4 Bxe4
30.Qxe4 Rf8 31.Be3 axb5 32.axb5 Nf5 33.Nxg6 Kxg6 34.g4 Kh7 35.gxf5 Rf6 36.c5 dxc5
37.Rd7 Rc7 38.Rxc7 Qxc7 39.Rxc5 Qd7 40.Rxe5 Bf8 41.Re6 Bg7 42.Bd4  1-0

[Event "5th Rohde Open"]
[Site "Sautron FRA"]
[Date "2005.10.25"]
[Round "4"]
[White "Chabradze,B"]
[Black "Wirig,A"]
[Result "0-1"]
[WhiteElo "2109"]
[BlackElo "2415"]

1.e4 c5 2.Nf3 e6 3.d4 cxd4 4.Nxd4 a6 5.Bd3 Nc6 6.Be3 e5 7.Nb3 Nf6 8.Nc3 Bb4
9.O-O Bxc3 10.bxc3 d6 11.Bg5 h6 12.Bh4 g5 13.Bg3 Be6 14.Qe2 Rc8 15.Rfd1 Qb6
16.Nd2 Bg4 17.Nf3 Qc5 18.Rab1 Rc7 19.Qe3 Qxe3 20.fxe3 Ke7 21.Rf1 Be6 22.c4 Nd7
23.h4 g4 24.Nd2 h5 25.Rb2 Na5 26.Rfb1 Rb8 27.Rb4 Rbc8 28.Be1 Nxc4 29.Nxc4 Bxc4
30.Rxb7 Bxa2 31.Rxc7 Rxc7 32.Ra1 Bc4 33.Bxc4 Rxc4 34.Rxa6 Rxc2 35.Bb4 Nc5
36.Bxc5 Rxc5 37.Ra4 g3 38.Kf1 Rc2 39.Ra8 Rf2+ 40.Ke1 Rxg2 41.Rg8 Rh2 42.Rxg3 Rxh4
43.Kf2 Rxe4 44.Rg5 Rh4  0-1

[Event "5th Rohde Open"]
[Site "Sautron FRA"]
[Date "2005.10.28"]
[Round "7"]
[White "Le Ruyet,L"]
[Black "Rihouay,C"]
[Result "1-0"]
[WhiteElo "1882"]
[BlackElo "2172"]

1.e4 c5 2.Nf3 e6 3.d4 cxd4 4.Nxd4 a6 5.Bd3 Nc6 6.Nf3 Nf6 7.Qe2 d6 8.O-O Be7
9.c4 O-O 10.Nc3 Qc7 11.Bf4 Ne5 12.Rac1 b6 13.b4 Bb7 14.Rfd1 Rac8 15.c5 Nxd3
16.Qxd3 bxc5 17.bxc5 Qxc5 18.Nd5 exd5 19.Rxc5 dxc5 20.Qb3 Bc6 21.exd5 Nxd5
22.Rxd5 Bxd5 23.Qxd5 Rfd8 24.Qb3 c4 25.Qc2 c3 26.h3 Ba3 27.Ng5 g6 28.Qb3  1-0

[Event "5th Rohde Open"]
[Site "Sautron FRA"]
[Date "2005.10.28"]
[Round "7"]
[White "Thibaud,C"]
[Black "Primel,D"]
[Result "0-1"]
[WhiteElo "2008"]
[BlackElo "2082"]

1.e4 c5 2.Nf3 e6 3.d4 cxd4 4.Nxd4 a6 5.Bd3 Nf6 6.O-O Qc7 7.Qe2 d6 8.c4 g6
9.Nc3 Bg7 10.Be3 Nc6 11.Nxc6 bxc6 12.f4 O-O 13.f5 exf5 14.exf5 Re8 15.Qd2 Ng4
16.Bf4 Ne5 17.c5 dxc5 18.f6 Bxf6 19.Ne4 Bg7 20.Nxc5 Qe7 21.Rac1 Nxd3 22.Nxd3 Bf5
23.Nb4 Qb7 24.Nxc6 Bxb2 25.Rc5 Bg7 26.Kh1 Qb2 27.Qa5 Be4 28.Rg1 Re6 29.Ne5 Rae8
30.Nc4 Bxg2+ 31.Rxg2 Qb1+  0-1

[Event "9th Bavarian Open"]
[Site "Bad Wiessee GER"]
[Date "2005.10.30"]
[Round "2"]
[White "Balinov,I"]
[Black "Klimpel,T"]
[Result "1-0"]
[WhiteElo "2431"]
[BlackElo "2151"]

1.e4 c5 2.Nf3 e6 3.d4 cxd4 4.Nxd4 a6 5.Bd3 Bc5 6.Nb3 Ba7 7.Nc3 Ne7 8.Bf4 d5
9.Qh5 d4 10.Ne2 Nbc6 11.e5 Qc7 12.O-O-O Bd7 13.Kb1 Nd5 14.Bg3 Ncb4 15.Nexd4 Rc8
16.Be4 a5 17.a3 a4 18.Na1 Qc4 19.axb4 Bxd4 20.Bxd5 exd5 21.Qh4 Ba7 22.Qxc4 dxc4
23.c3 Bc6 24.f3 O-O 25.Nc2 Ra8 26.Rhe1 Rad8 27.Bh4 Rd7 28.Na3 b5 29.Rd6 Rxd6
30.exd6 f6 31.Re7 Bb8 32.Bf2 Rd8 33.Bc5 h5 34.h3 Kh7 35.Nc2 Bxd6 36.Re6 Bxc5
37.bxc5 Rd1+ 38.Ka2 Ba8 39.Nb4 Rd2 40.Re8 Bb7 41.Rb8 Bd5 42.Rd8  1-0

[Event "Bundesliga 2005-6"]
[Site "Leipzig GER"]
[Date "2005.11.13"]
[Round "4"]
[White "Vogt,L"]
[Black "Landa,K"]
[Result "1/2-1/2"]
[WhiteElo "2484"]
[BlackElo "2600"]

1.e4 c5 2.Nf3 e6 3.d4 cxd4 4.Nxd4 a6 5.Bd3 Bc5 6.Nb3 Ba7 7.Qe2 d6 8.Be3 Ne7
9.c4 e5 10.Nc3 Nbc6 11.O-O O-O 12.Rfd1 Be6 13.Rac1 Ng6 14.Nd5 a5 15.Bxa7 Rxa7
16.a4 b6 17.Qe3 Qb8 18.Bf1 Rd8 19.Na1 Rb7 20.Nc2 Nf8 21.Na3 Nd7 22.Nb5 Nc5
23.b3 Na7 24.Na3 h6 25.Rb1 Rdd7 26.Bd3 Qd8 27.Bc2 Bxd5 28.exd5 e4 29.Re1 Re7
30.Qf4 Re5 31.f3 exf3 32.Rxe5 dxe5 33.Qxe5 fxg2 34.Re1 Kf8 35.d6 Rd7 36.Rd1 Nb7
37.c5 bxc5 38.Nc4 Nc6 39.Qd5 Nd4 40.Bf5 Qg5 41.Rxd4 cxd4 42.Qf3 Rd8 43.Qxb7 Re8
44.Be4 Qc1+ 45.Kxg2 Qg5+ 46.Kf3 f5 47.Bd3 Re3+ 48.Nxe3 Qxe3+ 49.Kg2 Qd2+
50.Kg1 Qe3+ 51.Kg2 Qd2+ 52.Kg1 Qe3+ 53.Kg2  1/2-1/2

[Event "WJun Girls"]
[Site "Instanbul TUR"]
[Date "2005.11.19"]
[Round "10"]
[White "Bensdorp,L"]
[Black "Bulmaga,I"]
[Result "0-1"]
[WhiteElo "2090"]
[BlackElo "2122"]

1.e4 c5 2.Nf3 e6 3.d4 cxd4 4.Nxd4 a6 5.Bd3 Qc7 6.O-O Nf6 7.Qe2 d6 8.c4 Be7
9.Nc3 Nbd7 10.f4 O-O 11.Kh1 b6 12.Bd2 Bb7 13.Rae1 Rad8 14.Bc2 Rfe8 15.Nf3 g6
16.Ng5 Qb8 17.e5 dxe5 18.fxe5 Qxe5 19.Qf2 Qc5 20.Be3 Qc7 21.Be4 Rf8 22.Qf3 Nxe4
23.Ncxe4 Qxc4 24.Qh3 Bxg5 25.Nxg5 h5 26.Rf4 Qxa2 27.Ref1 f5 28.Rh4 Nf6 29.Bxb6 Rd2
30.Nf3 Bxf3 31.Qxf3 Qxb2 32.Be3 Rd3 33.Qf4 Nd5 34.Qg5 Qf6 35.Qxf6 Nxf6 36.Bh6 Rfd8
37.Ra4 Rd1 38.Kg1 Rxf1+ 39.Kxf1 Ra8 40.Bf4 Nd5 41.Be5 a5 42.Kf2 Kf7 43.h4 Ke7
44.Ra3 a4 45.Ke2 Ra5  0-1

[Event "18th Belgrade Trophy"]
[Site "Obrenovac SCG"]
[Date "2005.11.24"]
[Round "3"]
[White "Sarenac,I"]
[Black "Jovicic,R"]
[Result "1-0"]
[WhiteElo "2115"]
[BlackElo "2289"]

1.e4 e6 2.d4 c5 3.Nf3 cxd4 4.Nxd4 a6 5.Bd3 Nc6 6.Nxc6 dxc6 7.Nd2 e5 8.O-O Nf6
9.Nc4 Bd6 10.b3 O-O 11.Bb2 Re8 12.h3 Bc7 13.Qe2 g6 14.Rad1 Nh5 15.Qf3 Qh4
16.Rfe1 Re6 17.Bf1 b5 18.g3 Qg5 19.Ne3 Re8 20.Ba3 Ba5 21.b4 Bc7 22.Bc1 Qe7
23.a3 Ng7 24.c4 Ne6 25.Ng4 Rf8 26.Bh6 Nd4 27.Qf6 Qxf6 28.Nxf6+ Kh8 29.Bxf8 Nf3+
30.Kg2 Nxe1+ 31.Rxe1 Be6 32.Bh6 Bd8 33.Ng4 f6 34.Bc1 bxc4 35.Ne3 c3 36.Nd1 c2
37.Ne3 Bb3 38.Bd3 Bb6 39.Bxc2 Be6 40.Rd1 Kg7 41.Rd6 Kf7 42.Rxc6 Bd8 43.Nd5 Bd7
44.Rc3 a5 45.Be3 axb4 46.Nxb4 g5 47.g4 Kg6 48.Bb3 h5 49.Kg3 h4+ 50.Kg2 Be7
51.Nd5 Bxa3 52.Nb6 Ra7 53.Nxd7 Rxd7 54.Ba4 Bb2 55.Rb3  1-0

[Event "18th Belgrade Trophy"]
[Site "Obrenovac SCG"]
[Date "2005.11.24"]
[Round "3"]
[White "Sarenac,D"]
[Black "Nikolov,M"]
[Result "0-1"]
[WhiteElo "2154"]
[BlackElo "2435"]

1.e4 c5 2.Nf3 e6 3.d4 cxd4 4.Nxd4 a6 5.Bd3 Nc6 6.Nxc6 dxc6 7.O-O e5 8.Nd2 b5
9.a4 Be6 10.b3 Nf6 11.Bb2 Nd7 12.Qh5 g6 13.Qe2 Bc5 14.Kh1 f6 15.f4 exf4 16.e5 f5
17.Qf3 Rc8 18.Qxf4 O-O 19.Nf3 Nb6 20.Ng5 Qe7 21.Nxe6 Qxe6 22.axb5 Nd5 23.Qh6 cxb5
24.c4 Ne3 25.Rf4 Rfd8 26.Rh4 Rc7 27.Bf1 Nd1 28.Bd4 Rxd4 29.Rxd4 Nf2+  0-1

[Event "18th Belgrade Trophy"]
[Site "Obrenovac SCG"]
[Date "2005.11.24"]
[Round "3"]
[White "Marinkov,S"]
[Black "Stojanovic,Mari"]
[Result "0-1"]
[WhiteElo "2046"]
[BlackElo "2188"]

1.e4 c5 2.Nf3 e6 3.d4 cxd4 4.Nxd4 a6 5.Bd3 Qc7 6.O-O Nf6 7.Nc3 Be7 8.Bg5 h6
9.Be3 b5 10.a3 Bb7 11.Qe2 O-O 12.f4 d6 13.g4 d5 14.e5 Ne4 15.Bxe4 dxe4 16.Bf2 Bxa3
17.Ncxb5 axb5 18.Nxb5 Qc6 19.bxa3 e3 20.Bxe3 Qh1+ 21.Kf2 Qxh2+ 22.Ke1 Qg3+
23.Rf2 Qg1+ 24.Rf1 Qg3+ 25.Kd2 Ba6 26.c4 Rd8+ 27.Nd6 Nc6 28.Kc3 Nxe5 29.Ne4 Bxc4
30.Nxg3 Bxe2 31.Nxe2 Rd3+ 32.Kc2 Rxe3 33.fxe5 Rxe2+ 34.Kd3 Rxe5 35.Rf4 h5
36.gxh5 Rxh5 37.a4 Rha5 38.Kc3 g5 39.Rb4 Kg7 40.Kb3 Kg6 41.Ra3 f5 42.Rb5 g4  0-1

[Event "National Chess Congress"]
[Site "Philadelphia USA"]
[Date "2005.11.26"]
[Round "3"]
[White "Samuelson,A"]
[Black "Zhao,P"]
[Result "1/2-1/2"]
[WhiteElo "2191"]
[BlackElo "2102"]

1.e4 c5 2.Nf3 e6 3.d4 cxd4 4.Nxd4 a6 5.Bd3 Bc5 6.Nb3 Ba7 7.O-O Nc6 8.Qe2 d6
9.Be3 Nf6 10.N1d2 e5 11.a4 Bxe3 12.Qxe3 O-O 13.Rad1 Be6 14.Bc4 Qe7 15.Qe2 Rac8
16.c3 Rfd8 17.Bxe6 Qxe6 18.Nc4 Ne7 19.Nba5 Rc7 20.Rd2 Nc8 21.Rfd1 b6 22.Nxb6 Nxb6
23.Qxa6 Nc4 24.Nxc4 Qxc4 25.Rxd6 Rxd6 26.Qxd6 h6 27.Qxe5 Qe2 28.Rd8+ Kh7
29.h3 Rc6 30.Qb5 Qe1+ 31.Qf1 Qxe4 32.Qd3 g6 33.Qxe4 Nxe4 34.Rd4 Nxc3 35.bxc3 Rxc3
36.Rd6 Ra3 37.Ra6 h5 38.g3 Kg7 39.h4 Ra2 40.Kg2 Ra3 41.a5 Kh7 42.Ra7 Kg7
43.Kf1 Ra2 44.Ke1 Kg8 45.a6 Kg7 46.Ra8 Kh7 47.Kf1 Kg7 48.f4 Kf6 49.Ke1 Ra3
50.Kf2 Kf5 51.a7 Kg4 52.Ke2 Kxg3 53.f5 Kxh4 54.fxg6 fxg6 55.Rg8 Rxa7 56.Rxg6 Ra4
57.Kf3 Kh3 58.Rg3+ Kh4 59.Rg8  1/2-1/2

[Event "National Chess Congress"]
[Site "Philadelphia USA"]
[Date "2005.11.26"]
[Round "4"]
[White "Mirabile,T"]
[Black "Kleiman,J"]
[Result "1/2-1/2"]
[WhiteElo "2202"]
[BlackElo "2257"]

1.e4 c5 2.Nf3 e6 3.d4 cxd4 4.Nxd4 a6 5.Bd3 Qc7 6.O-O Nf6 7.Qe2 d6 8.c4 g6
9.Nc3 Bg7 10.Be3 O-O 11.Rac1 b6 12.Rfd1 Nbd7 13.f3 Bb7 14.Qf2 Rac8 15.b4 Qb8
16.Nb3 Ne5 17.Qe2 Nfd7 18.f4 Nxc4 19.Bxc4 b5 20.Nxb5 axb5 21.Bxb5 Nf6 22.e5 Nd5
23.exd6 Qxd6 24.Nc5 Ba8 25.Bc4 Rfe8 26.Bxd5 Bxd5 27.Qd2 Qe7 28.a4 Qh4 29.Qf2 Qh5
30.Bd4 e5 31.fxe5 Bxe5 32.Bxe5 Rxc5 33.bxc5 Rxe5 34.Rxd5 Rxd5 35.c6 Rd1+
36.Rxd1 Qxd1+ 37.Qf1 Qd4+ 38.Kh1 Qc5 39.a5 Qxc6 40.a6 Qa4 41.h3 h5 42.Qf6 h4
43.Qd6 Qa1+ 44.Kh2 Kg7 45.Qd3 Kh7 46.Qd5 Qxa6 47.Qxf7+ Kh6 48.Qf8+ Kh5 49.Qh8+ Kg5
50.Qe5+  1/2-1/2

[Event "IV I Subasic Mem"]
[Site "Zenica BIH"]
[Date "2005.11.26"]
[Round "9"]
[White "Muratovic,En"]
[Black "Radic,B"]
[Result "1/2-1/2"]
[WhiteElo "2248"]
[BlackElo "2113"]

1.e4 c5 2.Nf3 e6 3.d4 cxd4 4.Nxd4 a6 5.Bd3 Nc6 6.Nb3 Qc7 7.O-O Nf6 8.f4 d6
9.Nc3 Be7 10.Qf3 O-O 11.Be3  1/2-1/2

[Event "18th Belgrade Trophy"]
[Site "Obrenovac SCG"]
[Date "2005.11.27"]
[Round "6"]
[White "Karaklajic,N"]
[Black "Vujosevic,D"]
[Result "1-0"]
[WhiteElo "2353"]
[BlackElo "2064"]

1.e4 c5 2.Nf3 e6 3.d4 cxd4 4.Nxd4 a6 5.Bd3 b5 6.O-O Bb7 7.a4 b4 8.Qe2 Qc7
9.Nd2 Nc6 10.Nxc6 Qxc6 11.Nc4 Qc7 12.a5 Bc5 13.Be3 Ne7 14.Bxc5 Qxc5 15.Nb6 Ra7
16.Rfe1 Nc6 17.Qe3 Qe5 18.Nc4 Qd4 19.Qg3 O-O 20.e5 f5 21.Qe3 Qg4 22.f3 Qh4
23.f4 g5 24.g3 gxf4 25.Qxf4 Qxf4 26.gxf4 Nd4 27.Kf2 Nf3 28.Red1 Nxh2 29.Be2 Be4
30.Ne3 Ng4+ 31.Bxg4 fxg4 32.Kg3 Bf3 33.Rd4 h5 34.Rxb4 Kg7 35.Kh4 Kg6 36.Raa4 Kf7
37.f5 Rc7 38.Rf4 Rg8 39.fxe6+ Kxe6 40.Rf6+ Ke7 41.Rb4 Rc6 42.Nf5+ Ke8 43.Rxc6  1-0

[Event "18th Belgrade Trophy"]
[Site "Obrenovac SCG"]
[Date "2005.11.28"]
[Round "7"]
[White "D'Innocente,S"]
[Black "Nikolov,M"]
[Result "0-1"]
[WhiteElo "2262"]
[BlackElo "2435"]

1.e4 c5 2.Nf3 e6 3.d4 cxd4 4.Nxd4 a6 5.Bd3 Nc6 6.Nxc6 dxc6 7.Nd2 e5 8.Qh5 Bd6
9.Nc4 Nf6 10.Nxd6+ Qxd6 11.Qe2 O-O 12.O-O b5 13.a4 Bb7 14.Be3 c5 15.axb5 axb5
16.Bxb5 Nxe4 17.f3 Nf6 18.Qc4 Rxa1 19.Rxa1 Rc8 20.Ra7 Bd5 21.Qd3 Qb8 22.Ra5 e4
23.fxe4 Bxe4 24.Qe2 Qd6 25.Ba6 Rc7 26.Bc4 h6 27.h3 Rc8 28.Qf2 Qd1+ 29.Kh2 Bg6
30.Ra7 Rd8 31.c3 Qb1 32.Ba2 Qd1 33.Bc4 Re8 34.Qg3 Qh5 35.Bf4 Qf5 36.Bxh6 Nh5
37.Qg5 Qe4 38.b3 Rf8 39.g4 gxh6 40.Qxh6 Qc2+ 41.Kg1 Qd1+ 42.Kf2 Qc2+ 43.Kg1 Ng3
44.Qg5 Qe4 45.Bd5 Ne2+ 46.Kf1 Qf4+ 47.Qxf4 Nxf4 48.Bc4 Re8 49.Rc7 Bd3+ 50.Bxd3 Nxd3
51.Kg2 Re3 52.Kh2 Nf4 53.Rxc5 Rxh3+ 54.Kg1 Rxc3 55.Rxc3 Ne2+ 56.Kf2 Nxc3
57.Ke3 Kg7 58.Kd3 Na2 59.Ke4 Kg6 60.Kf3 Kg5 61.Kg3 Nb4 62.Kf3 Nc6  0-1

[Event "ch-ROM"]
[Site "Baile Tusnad ROM"]
[Date "2005.12.01"]
[Round "6"]
[White "Madan,A"]
[Black "Manolache,M"]
[Result "0-1"]
[WhiteElo "2388"]
[BlackElo "2475"]

1.e4 c5 2.Nf3 e6 3.d4 cxd4 4.Nxd4 a6 5.Bd3 d6 6.c4 g6 7.Nc3 Bg7 8.Nb3 Nc6
9.O-O Nf6 10.Be3 b6 11.Qd2 Ng4 12.Bg5 f6 13.Bh4 g5 14.Bg3 h5 15.Be2 Nge5
16.f4 h4 17.Be1 gxf4 18.Qxf4 h3 19.Qg3 hxg2 20.Qxg2 Ra7 21.Rd1 Bf8 22.Bg3 Rg7
23.Kf2 Qc7 24.Ke1 Rg6 25.Kd2 Nb4 26.Kc1 b5 27.a3 bxc4 28.axb4 cxb3 29.Kb1 Qb6
30.b5 axb5 31.Bxb5+ Kf7 32.Qe2 Be7 33.Na4 Qa7 34.Rd2 Qa8 35.Bxe5 dxe5 36.Qc4 Rg4
37.Nc3 Rh3 38.Bc6 Qa6 39.Bb5 Qa8 40.Bc6 Ba6 41.Bb5 Bxb5 42.Qxb5 Rxe4 43.Qxb3 Rd4
44.Re2 Qa6 45.Qc2 Qd3 46.Qxd3 Rdxd3 47.Rxe5 Rxh2 48.Ne4 Rb3 49.Ng5+ Kg6 50.Rxe6 Rbxb2+
51.Kc1 Ra2  0-1

[Event "TCh-CZE Extraliga 2005-6"]
[Site "Czech Rep CZE"]
[Date "2005.12.03"]
[Round "5"]
[White "Murdzia,P"]
[Black "Vokoun,J"]
[Result "1-0"]
[WhiteElo "2448"]
[BlackElo "2306"]

1.e4 c5 2.Nf3 e6 3.d4 cxd4 4.Nxd4 a6 5.Bd3 Qc7 6.O-O Nf6 7.Qe2 Bd6 8.f4 Bc5
9.c3 Nc6 10.Be3 b5 11.a4 Qb6 12.axb5 Nxd4 13.cxd4 Bxd4 14.Bxd4 Qxd4+ 15.Kh1 Bb7
16.Nc3 axb5 17.Nxb5 Qb6 18.e5 Rxa1 19.Rxa1 Nd5 20.Nd6+ Ke7 21.Qh5 g6 22.Qh4+ Kf8
23.Be4 h6 24.h3 Bc6 25.Kh2 Rh7 26.Bxd5 Bxd5 27.Rc1 Bc6 28.b4 g5 29.fxg5 Qe3
30.Re1 Qxg5 31.Qxg5 hxg5 32.b5 Bd5 33.Rc1 Rh4 34.g4 Kg7 35.Rf1  1-0

[Event "TCh-HUN 2005-6"]
[Site "Hungary HUN"]
[Date "2005.12.04"]
[Round "5"]
[White "Varadi,V"]
[Black "Papp,Ga"]
[Result "0-1"]
[WhiteElo "2374"]
[BlackElo "2474"]

1.e4 c5 2.Nf3 e6 3.d4 cxd4 4.Nxd4 a6 5.Bd3 Qb6 6.c3 Qc7 7.O-O Nf6 8.c4 Nc6
9.Nxc6 dxc6 10.f4 e5 11.Kh1 Bg4 12.Qe1 O-O-O 13.Bc2 exf4 14.Bxf4 Bd6 15.Bxd6 Rxd6
16.Nc3 Re6 17.Qh4 h5 18.Qg5 Qe5 19.Qxe5 Rxe5 20.b4 Rd8 21.h3 Be6 22.c5 Rd2
23.Rac1 Rg5 24.Rg1 Rg3 25.Bd1 Re3 26.Bf3 g5 27.Rge1 Rxe1+ 28.Rxe1 g4 29.hxg4 hxg4
30.Bd1 Nh5 31.Re3 Nf4 32.Rg3 Nd3 33.Kh2 Nf2 34.Bb3 Kd7 35.Re3 Bxb3 36.axb3 Rd3
37.Rxd3+ Nxd3 38.Kg3 Nxb4 39.Kxg4 Nd3 40.Kf5 Ke7 41.Na4 Nc1 42.b4 Nd3 43.Nb6 Nxb4
44.Nc8+ Kd7 45.Nd6 a5 46.Nxf7 a4 47.Ne5+ Ke7 48.Nc4 Nc2 49.g4 a3 50.Nxa3 Nxa3
51.g5 Nb5 52.g6 Nd4+ 53.Kg5 Ne6+ 54.Kh6 Kf6  0-1

[Event "It"]
[Site "Dnepropetrovsk UKR"]
[Date "2005.12.09"]
[Round "3"]
[White "Varitski,I"]
[Black "Truskavetsky,A"]
[Result "0-1"]
[WhiteElo "2354"]
[BlackElo "2409"]

1.e4 c5 2.Nf3 e6 3.d4 cxd4 4.Nxd4 a6 5.Bd3 g6 6.f4 Bg7 7.c3 Nc6 8.Nxc6 bxc6
9.O-O d5 10.Qe2 Nf6 11.Nd2 O-O 12.e5 Nd7 13.g4 a5 14.Qf2 f6 15.exf6 Nxf6
16.Qg3 Ra7 17.h3 Raf7 18.Re1 Nd7 19.Nf3 e5 20.Ng5 Re7 21.Nxh7 Kxh7 22.Qh4+ Kg8
23.Bxg6 Bf6 24.g5 exf4 25.Rxe7 Qxe7 26.gxf6 Rxf6 27.Kh1 Qg7 28.Bh5 f3 29.Bxf3 Ne5
30.Bg2 Ba6 31.Bd2 Be2 32.Rg1 Bf3 33.Qf2 Rg6 34.Bxf3 Rxg1+  0-1

[Event "It"]
[Site "Dnepropetrovsk UKR"]
[Date "2005.12.11"]
[Round "5"]
[White "Rogovski,V"]
[Black "Truskavetsky,A"]
[Result "1-0"]
[WhiteElo "2503"]
[BlackElo "2409"]

1.e4 c5 2.Nf3 e6 3.d4 cxd4 4.Nxd4 a6 5.Bd3 g6 6.Nc3 Bg7 7.Be3 Ne7 8.Qd2 d5
9.exd5 Nxd5 10.Nxd5 Qxd5 11.Be2 Qxg2 12.O-O-O O-O 13.Bh6 e5 14.Bxg7 Kxg7
15.Nf3 Nc6 16.h4 Rd8 17.Qe3 Rxd1+ 18.Rxd1 e4 19.Qc3+ Kg8 20.Ng5 Qxf2 21.Bc4 Qf4+
22.Kb1 Qe5 23.Qb3 Na5 24.Nxf7 Qe7 25.Qc3  1-0

[Event "TCh-NED 2005-6"]
[Site "Netherlands NED"]
[Date "2005.12.17"]
[Round "5"]
[White "Bolwerk,P"]
[Black "Blees,A"]
[Result "0-1"]
[WhiteElo "2241"]
[BlackElo "2397"]

1.e4 c5 2.Nf3 e6 3.d4 cxd4 4.Nxd4 a6 5.Bd3 Bc5 6.Nb3 Ba7 7.a4 Nc6 8.Nc3 Nge7
9.O-O O-O 10.Kh1 d5 11.exd5 exd5 12.Bg5 f6 13.Bf4 Ne5 14.Be2 d4 15.Na2 Be6
16.Nac1 Rc8 17.Nd3 N7g6 18.Bg3 Qd7 19.Re1 Rfd8 20.Bf1 Bg4 21.Qd2 Bf5 22.Rec1 Bb8
23.Nbc5 Qd5 24.Nxe5 fxe5 25.Nd3 e4 26.Nf4 Qc5 27.Ne2 Ne5 28.Qg5 Ng4 29.b4 Qf8
30.Bxb8 Rxb8 31.Ng3 Nxf2+ 32.Kg1 Bg6 33.Bc4+ Kh8 34.Rf1 e3 35.Nh1 Qxb4 36.Bb3 Ne4
37.Qg4 d3 38.cxd3 Nc3 39.Be6 Bxd3 40.Rfe1 Qb2 41.Ng3 Bg6 42.h4 Rd2 43.Nf1 Ne2+
44.Kh1 Qe5 45.Nxd2 exd2 46.Qxe2 dxe1=Q+ 47.Rxe1 Qg3 48.Bh3 Qxh4 49.Qe5 Rf8
50.Rc1 Re8 51.Rf1 h6 52.Qxe8+ Bxe8 53.Rf8+ Kh7 54.Rxe8 Qxa4 55.Bf5+ g6 56.Re7+ Kh8  0-1

[Event "5th Amplico AIG Life"]
[Site "Warsaw POL"]
[Date "2005.12.17"]
[Round "3"]
[White "Skurski,J"]
[Black "Grabarczyk,B"]
[Result "0-1"]
[WhiteElo "2316"]
[BlackElo "2472"]

1.e4 c5 2.Nf3 e6 3.d4 cxd4 4.Nxd4 a6 5.Bd3 d6 6.O-O Nd7 7.c4 Ngf6 8.Nc3 g6
9.Be3 Bg7 10.f4 O-O 11.Nb3 Qc7 12.Qe2 b6 13.g4 Bb7 14.Rac1 Rfe8 15.h3 Rad8
16.Qf2 Nc5 17.Nxc5 bxc5 18.b4 cxb4 19.Bb6 Qc6 20.Nd5 Rc8 21.Nxf6+ Bxf6 22.g5 Bg7
23.Be3 a5 24.h4 a4 25.h5 Ba8 26.Qh4 Rb8 27.Rc2 b3 28.axb3 Rxb3 29.Qg3 gxh5
30.Rd2 Rb1 31.Kf2 Bf8  0-1

[Event "Open"]
[Site "Erandio ESP"]
[Date "2005.12.18"]
[Round "3"]
[White "Martinez Pelaez,D"]
[Black "Epishin,V"]
[Result "0-1"]
[WhiteElo "2001"]
[BlackElo "2574"]

1.e4 c5 2.Nf3 e6 3.d4 cxd4 4.Nxd4 a6 5.Bd3 Bc5 6.Nb3 Be7 7.Nc3 d6 8.O-O Nf6
9.Be3 e5 10.a4 Be6 11.a5 Nbd7 12.h3 Rc8 13.f4 exf4 14.Rxf4 O-O 15.Nd4 Re8
16.Nf5 Bf8 17.g4 d5 18.Qd2 dxe4 19.Nxe4 Nd5 20.Ned6 Bxf5 21.Nxf5 Rxe3 22.Nxe3 Nxf4
23.Bf5 Ne5  0-1

[Event "5th Amplico AIG Life"]
[Site "Warsaw POL"]
[Date "2005.12.18"]
[Round "11"]
[White "Dworakowska,J"]
[Black "Grabarczyk,B"]
[Result "1-0"]
[WhiteElo "2377"]
[BlackElo "2472"]

1.e4 c5 2.Nf3 e6 3.d4 cxd4 4.Nxd4 a6 5.Bd3 d6 6.Nc3 Nf6 7.O-O Nbd7 8.Kh1 g6
9.f4 Bg7 10.Qe2 O-O 11.Be3 Re8 12.Nf3 b5 13.e5 dxe5 14.fxe5 Ng4 15.Be4 Nxe3
16.Qxe3 Rb8 17.Bc6 Qb6 18.Qxb6 Rxb6 19.Bxd7 Bxd7 20.Ne4 Bc6 21.Nd6 Rf8 22.Rae1 Bxf3
23.Rxf3 Bxe5 24.Nxf7 Bxb2 25.Ng5 Rxf3 26.gxf3 e5 27.Rd1 Rc6 28.Rd8+ Kg7 29.Rd7+ Kf6
30.Nxh7+ Ke6 31.Rg7 Kd5 32.Rd7+ Kc4 33.Rd3 Bd4 34.Ng5 Kb4 35.a3+ Ka4 36.f4 Rxc2
37.fxe5 Bxe5 38.Nf3 Rc3 39.Nxe5 Rxd3 40.Nxd3 Kxa3 41.Ne5 b4 42.Nxg6 b3 43.Ne5 Kb4
44.Nf3 a5 45.h4 a4 46.h5 a3 47.h6 a2 48.Kg2 a1=Q 49.Kg3 Qf6  1-0

[Event "12th Open"]
[Site "Zadar CRO"]
[Date "2005.12.18"]
[Round "9"]
[White "Sakelsek,T"]
[Black "Nikolov,M"]
[Result "1/2-1/2"]
[WhiteElo "2404"]
[BlackElo "2435"]

1.e4 c5 2.Nf3 e6 3.d4 cxd4 4.Nxd4 a6 5.Bd3 Qb6 6.Nb3 Qc7 7.Be3 Nf6 8.O-O Be7
9.N1d2 Nc6 10.Nc4 b5 11.Nb6 Rb8 12.Nxc8 Rxc8 13.Qe2 O-O 14.c3 d5 15.exd5 Nxd5
16.a4 Ne5 17.axb5 Nxd3 18.Qxd3 Nxe3 19.Qxe3 axb5 20.Ra7 Qd6 21.Nd4 Rc5 22.Rfa1 Bf6
23.Nf3 Rd5 24.g3 h6 25.R7a6 Qc7 26.Qe4 Qb7 27.Kg2 Rc8 28.Ra7 Qc6 29.R1a6 Qc5
30.Rb7 Be5 31.Raa7 Rf8  1/2-1/2

[Event "Sekkat mem"]
[Site "Casablanca MAR"]
[Date "2005.12.19"]
[Round "3"]
[White "Benaino,S"]
[Black "Hamdouchi,H"]
[Result "0-1"]
[WhiteElo "2225"]
[BlackElo "2574"]

1.e4 c5 2.Nf3 e6 3.d4 cxd4 4.Nxd4 a6 5.Bd3 Bc5 6.Nb3 Ba7 7.Nc3 Nc6 8.Qe2 d6
9.Be3 Nge7 10.Bxa7 Rxa7 11.Qe3 O-O 12.Rd1 b5 13.O-O Rd7 14.f4 Re8 15.Kh1 Qc7
16.a4 bxa4 17.Nxa4 Nb4 18.Nb6 Rdd8 19.Nxc8 Rxc8 20.c3 Nxd3 21.Qxd3 d5 22.Nd4 dxe4
23.Qxe4 Nd5 24.f5 Nf6 25.Qh4 e5 26.Nf3 Rb8 27.Rd2 e4 28.Nd4 a5 29.Re2 h6
30.Qh3 a4 31.g4 e3 32.Ra1 Rxb2 33.Rxb2 Qxc3 34.Qg2 Qxd4 35.Rg1 Ne4 36.Qe2 Nf2+
37.Kg2 Nd3  0-1

[Event "4th TCh-Asia w"]
[Site "Esfahan IRI"]
[Date "2005.12.21"]
[Round "1"]
[White "Salman,Ma"]
[Black "Pourkashiyan,A"]
[Result "1-0"]
[WhiteElo "2136"]
[BlackElo "2271"]

1.e4 c5 2.Nf3 e6 3.d4 cxd4 4.Nxd4 a6 5.Bd3 Nf6 6.O-O d6 7.Qe2 Bd7 8.c4 Nc6
9.Be3 Be7 10.f4 O-O 11.Nc3 Nxd4 12.Bxd4 Bc6 13.Rad1 g6 14.Kh1 Nd7 15.Bb1 Qb8
16.Nd5 Bd8 17.Nb4 e5 18.Bc3 exf4 19.Rxf4 Ne5 20.Nd5 Bxd5 21.Rxd5 Re8 22.a3 b6
23.Ba2 Ra7 24.Qd1 Rae7 25.c5 bxc5 26.Rxd6 c4 27.Bxe5 Rxe5 28.Bxc4 R5e7 29.Qd5 Bc7
30.Rxf7 Re5 31.Rf8+ Kg7 32.Qf7+ Kh6 33.Rxe8 Qxe8 34.Qxc7 Rxe4 35.Bf1 Re1
36.Rf6 Rb1 37.Qf4+ Kg7 38.Rb6 Qe4 39.Qf2 Qd5 40.h3 Qd1 41.Rb7+ Kh6 42.Qf4+ g5
43.Qf6+  1-0

[Event "Harmonie Open A"]
[Site "Groningen NED"]
[Date "2005.12.27"]
[Round "4"]
[White "Wielenga,W"]
[Black "Heemskerk,W"]
[Result "0-1"]
[WhiteElo "2161"]
[BlackElo "2265"]

1.e4 c5 2.Nf3 e6 3.d4 cxd4 4.Nxd4 a6 5.Bd3 Nf6 6.O-O d6 7.c4 b6 8.Nc3 Bb7
9.Qe2 Nbd7 10.f4 g6 11.f5 Qe7 12.fxe6 fxe6 13.Bg5 Bg7 14.Nf3 O-O 15.Kh1 Rad8
16.Rad1 h6 17.Bh4 g5 18.Bg3 Nh5 19.Bf2 Nf4 20.Qe1 Ng6 21.Na4 g4 22.Ng1 Nc5
23.Bc2 Nxa4 24.Bxa4 Ne5 25.Bh4 Rxf1 26.Bxe7 Rxe1 27.Rxe1 Rc8 28.h3 Bf8 29.Bf6 gxh3
30.Nxh3 Nd3 31.Re3 Nc5 32.Bc2 e5 33.b4 Ne6 34.Bb3 Nd4 35.Ng1 Kf7 36.Bh4 Nxb3
37.axb3 b5 38.cxb5 axb5 39.Ne2 Rc2 40.Nc3 Bc6 41.Kh2 Rd2 42.Be1 Rd4 43.Rf3+ Ke8
44.Kh3 Be7 45.Kg4 Bxe4 46.Nxe4 Rxe4+ 47.Kf5 Rxe1  0-1